[Event "ESTCC 65 2019"]
[Site "Mali Losinj"]
[Date "2019.09.22"]
[Round "5.15"]
[White "Mueller, Gerhard"]
[Black "Hewson, Brian W R"]
[Result "1-0"]
[WhiteElo "2104"]
[BlackElo "2074"]
[Annotator "NA"]
[PlyCount "91"]
[EventDate "2019.09.18"]
[EventType "team-tourn"]
[EventCountry "CRO"]
[SourceTitle "playchess.com"]
[Source "ChessBase"]
[SourceQuality "1"]
[WhiteTeam "Germany"]
[BlackTeam "England"]
[WhiteTeamCountry "GER"]
[BlackTeamCountry "ENG"]
[TimeControl "40/5400+30:1800+30"]

1. e4 {[%emt 0:00:30]} c6 {[%emt 0:00:30]} 2. d4 {[%emt 0:00:00]} d5 {[%emt 0:00:30]} 3. Nd2 {[%emt 0:00:00]} dxe4 {[%emt 0:00:00]} 4. Nxe4 {[%emt 0:00:30]} Nd7 {[%emt 0:00:00]} 5. Ng5 {[%emt 0:01:30]} e6 {[%emt 0:08:30]} 6. Bd3 {[%emt 0:01:30]} Ngf6 {[%emt 0:00:30]} 7. Qe2 {[%emt 0:00:30]} Be7 {[%emt 0:11:30]} 8. N1f3 {[%emt 0:01:30]} Nb6 {[%emt 0:07:30]} 9. Ne5 {[%emt 0:03:30]} O-O {[%emt 0:01:30]} 10. c3 {[%emt 0:03:30]} c5 {[%emt 0:01:30]} 11. dxc5 {[%emt 0:00:30]} Bxc5 {[%emt 0:00:30]} 12. Ne4 {[%emt 0:04:30]} Be7 {[%emt 0:04:30]} 13. Nxf6+ {[%emt 0:03:30]} Bxf6 {[%emt 0:00:30]} 14. Qe4 {[%emt 0:00:30]} g6 {[%emt 0:00:30]} 15. Bh6 {[%emt 0:00:30]} Bg7 {[%emt 0:00:30]} 16. Bxg7 {[%emt 0:01:30]} Kxg7 {[%emt 0:00:30]} 17. Rd1 {[%emt 0:00:30]} f5 {[%emt 0:10:30]} 18. Qe2 {[%emt 0:01:30]} Qf6 {[%emt 0:03:30]} 19. O-O {[%emt 0:01:30]} Nd5 {[%emt 0:00:30]} 20. Rfe1 {[%emt 0:05:30]} Re8 {[%emt 0:09:30]} 21. Bc4 {[%emt 0:11:30]} Nb6 {[%emt 0:07:30]} 22. Bb3 {[%emt 0:00:30]} Re7 {[%emt 0:05:30]} 23. Qb5 {[%emt 0:02:30]} Qf8 {[%emt 0:04:30]} 24. Rd4 {[%emt 0:08:30]} Qe8 {[%emt 0:01:30]} 25. Qxe8 {[%emt 0:02:30]} Rxe8 {[%emt 0:00:30]} 26. f4 {[%emt 0:00:30]} Kf6 {[%emt 0:02:52]} 27. a4 {[%emt 0:01:30]} a5 {[%emt 0:06:08]} 28. Red1 {[%emt 0:01:30]} Ra6 {[%emt 0:00:55]} 29. Kf2 {[%emt 0:00:30]} Re7 {[%emt 0:01:43]} 30. Rd8 {[%emt 0:02:30]} Rc7 {[%emt 0:00:15]} 31. R1d6 {[%emt 0:02:30]} Ke7 {[%emt 0:03:39]} 32. Rd3 {[%emt 0:02:30]} Nd5 {[%emt 0:02:26]} 33. Bxd5 {[%emt 0:02:30]} Kxd8 {[%emt 0:00:40]} 34. Bxb7+ {[%emt 0:00:30]} Ke7 {[%emt 0:00:14]} 35. Bxa6 {[%emt 0:00:30]} Bxa6 {[%emt 0:00:06]} 36. Rd4 {[%emt 0:00:00]} Bb7 {[%emt 0:01:47]} 37. Rc4 {[%emt 0:01:00]} Kd6 {[%emt 0:01:19]} 38. Rxc7 {[%emt 0:00:30]} Kxc7 {[%emt 0:00:06]} 39. Nc4 {[%emt 0:00:00]} Bc6 {[%emt 0:01:04]} 40. b3 {[%emt 0:01:00]} Bd5 {[%emt 0:00:40]} 41. Nxa5 {[%emt 0:31:30]} Kb6 {[%emt 0:31:01]} 42. Nc4+ {[%emt 0:00:30]} Kc5 {[%emt 0:00:59]} 43. Nd2 {[%emt 0:00:30]} Kd6 {[%emt 0:00:11]} 44. g3 {[%emt 0:02:30]} e5 {[%emt 0:00:13]} 45. Ke3 {[%emt 0:01:30]} e4 {[%emt 0:00:16]} 46. Kd4 {[%emt 0:00:30]} 1-0

[Event "ESTCC 65 2019"]
[Site "Mali Losinj"]
[Date "2019.09.22"]
[Round "5.16"]
[White "Ewart, Brian R"]
[Black "Thoele, Wolfgang"]
[Result "0-1"]
[WhiteElo "1882"]
[BlackElo "1865"]
[Annotator "NA"]
[PlyCount "86"]
[EventDate "2019.09.18"]
[EventType "team-tourn"]
[EventCountry "CRO"]
[SourceTitle "playchess.com"]
[Source "ChessBase"]
[SourceQuality "1"]
[WhiteTeam "England"]
[BlackTeam "Germany"]
[WhiteTeamCountry "ENG"]
[BlackTeamCountry "GER"]
[TimeControl "40/5400+30:1800+30"]

1. d4 {[%emt 0:00:30]} d5 {[%emt 0:00:30]} 2. Nf3 {[%emt 0:00:30]} Nf6 {[%emt 0:00:00]} 3. c4 {[%emt 0:00:30]} c6 {[%emt 0:00:00]} 4. e3 {[%emt 0:00:00]} Bg4 {[%emt 0:01:30]} 5. Bd3 {[%emt 0:01:00]} dxc4 {[%emt 0:00:00]} 6. Bxc4 {[%emt 0:00:30]} e6 {[%emt 0:00:00]} 7. O-O {[%emt 0:03:30]} Nbd7 {[%emt 0:01:30]} 8. Nc3 {[%emt 0:05:30]} Be7 {[%emt 0:00:30]} 9. Bd3 {[%emt 0:04:30]} O-O {[%emt 0:07:30]} 10. h3 {[%emt 0:03:30]} Bh5 {[%emt 0:00:30]} 11. g4 {[%emt 0:00:30]} Bg6 {[%emt 0:00:30]} 12. Bxg6 {[%emt 0:00:30]} hxg6 {[%emt 0:00:30]} 13. e4 {[%emt 0:00:30]} Nb6 {[%emt 0:03:30]} 14. Qe2 {[%emt 0:03:30]} Nh7 {[%emt 0:07:30]} 15. Rd1 {[%emt 0:11:30]} Ng5 {[%emt 0:01:30]} 16. Nxg5 {[%emt 0:01:30]} Bxg5 {[%emt 0:00:00]} 17. f4 {[%emt 0:00:30]} Be7 {[%emt 0:01:00]} 18. a4 {[%emt 0:06:30]} Qc7 {[%emt 0:14:30]} 19. a5 {[%emt 0:00:30]} Nd7 {[%emt 0:00:30]} 20. Be3 {[%emt 0:04:30]} Rfe8 {[%emt 0:05:30]} 21. Qc4 {[%emt 0:05:30]} Bd6 {[%emt 0:09:30]} 22. e5 {[%emt 0:01:30]} Be7 {[%emt 0:00:30]} 23. b4 {[%emt 0:07:30]} a6 {[%emt 0:05:30]} 24. Ra2 {[%emt 0:01:30]} b5 {[%emt 0:11:30]} 25. Qd3 {[%emt 0:04:30]} Bxb4 {[%emt 0:00:30]} 26. Ne4 {[%emt 0:01:30]} Be7 {[%emt 0:03:30]} 27. Ng3 {[%emt 0:05:30]} c5 {[%emt 0:01:30]} 28. d5 {[%emt 0:02:30]} c4 {[%emt 0:00:30]} 29. d6 {[%emt 0:01:30]} Qc6 {[%emt 0:00:30]} 30. Qe2 {[%emt 0:03:30]} Bd8 {[%emt 0:00:30]} 31. Rc1 {[%emt 0:05:34]} Rc8 {[%emt 0:02:30]} 32. Bd2 {[%emt 0:00:15]} Nc5 {[%emt 0:01:30]} 33. Bb4 {[%emt 0:04:22]} Bh4 {[%emt 0:07:28]} 34. Nf1 {[%emt 0:01:30]} Nd3 {[%emt 0:00:27]} 35. Qxd3 {[%emt 0:01:06]} cxd3 {[%emt 0:00:03]} 36. Rxc6 {[%emt 0:00:06]} Rxc6 {[%emt 0:00:11]} 37. Rd2 {[%emt 0:01:27]} Rc4 {[%emt 0:01:01]} 38. Ba3 {[%emt 0:01:39]} b4 {[%emt 0:01:46]} 39. Bb2 {[%emt 0:00:34]} Rc2 {[%emt 0:00:23]} 40. Bd4 {[%emt 0:00:00]} Rxd2 {[%emt 0:02:03]} 41. Nxd2 {[%emt 0:30:16]} Be1 {[%emt 0:33:02]} 42. Bb6 {[%emt 0:05:16]} Bxd2 {[%emt 0:02:15]} 43. d7 {[%emt 0:00:21]} Ra8 {[%emt 0:07:13]} 0-1

[Event "ESTCC 65 2019"]
[Site "Mali Losinj"]
[Date "2019.09.22"]
[Round "5.17"]
[White "Lofgren, Claes"]
[Black "Singer, Hans"]
[Result "0-1"]
[WhiteElo "2059"]
[BlackElo "2184"]
[Annotator "NA"]
[PlyCount "78"]
[EventDate "2019.09.18"]
[EventType "team-tourn"]
[EventCountry "CRO"]
[SourceTitle "playchess.com"]
[Source "ChessBase"]
[SourceQuality "1"]
[WhiteTeam "Denmark"]
[BlackTeam "Austria"]
[WhiteTeamCountry "DEN"]
[BlackTeamCountry "AUT"]
[TimeControl "40/5400+30:1800+30"]

1. d4 {[%emt 0:00:30]} Nf6 {[%emt 0:00:30]} 2. c4 {[%emt 0:00:00]} e6 {[%emt 0:00:30]} 3. g3 {[%emt 0:00:00]} d5 {[%emt 0:00:30]} 4. Bg2 {[%emt 0:00:30]} Be7 {[%emt 0:00:30]} 5. Nf3 {[%emt 0:00:30]} O-O {[%emt 0:00:30]} 6. O-O {[%emt 0:00:30]} c5 {[%emt 0:01:30]} 7. cxd5 {[%emt 0:01:30]} exd5 {[%emt 0:00:00]} 8. Nc3 {[%emt 0:01:30]} Nc6 {[%emt 0:01:00]} 9. b3 {[%emt 0:01:30]} Ne4 {[%emt 0:03:30]} 10. Bb2 {[%emt 0:08:30]} Bf6 {[%emt 0:00:30]} 11. Rc1 {[%emt 0:23:30]} Nxd4 {[%emt 0:15:30]} 12. Nxd4 {[%emt 0:01:30]} Bxd4 {[%emt 0:00:30]} 13. Nxe4 {[%emt 0:05:30]} Bxb2 {[%emt 0:00:30]} 14. Rc2 {[%emt 0:00:30]} dxe4 {[%emt 0:06:30]} 15. Rxb2 {[%emt 0:00:30]} Bf5 {[%emt 0:00:30]} 16. Rd2 {[%emt 0:03:30]} Qe7 {[%emt 0:02:30]} 17. e3 {[%emt 0:01:30]} Rad8 {[%emt 0:02:30]} 18. Rxd8 {[%emt 0:01:30]} Rxd8 {[%emt 0:00:30]} 19. Qc2 {[%emt 0:00:30]} b6 {[%emt 0:08:30]} 20. h3 {[%emt 0:02:30]} h5 {[%emt 0:04:30]} 21. Rc1 {[%emt 0:01:30]} Qe5 {[%emt 0:03:30]} 22. Qc4 {[%emt 0:04:30]} Rd2 {[%emt 0:02:30]} 23. a4 {[%emt 0:03:30]} Be6 {[%emt 0:01:30]} 24. Qa6 {[%emt 0:04:30]} Rxf2 {[%emt 0:13:30]} 25. Kxf2 {[%emt 0:00:30]} Qb2+ {[%emt 0:00:30]} 26. Qe2 {[%emt 0:00:30]} Qxc1 {[%emt 0:00:30]} 27. Bxe4 {[%emt 0:00:30]} Bxh3 {[%emt 0:03:30]} 28. Qd3 {[%emt 0:04:30]} Qb2+ {[%emt 0:01:30]} 29. Kg1 {[%emt 0:01:30]} Qf6 {[%emt 0:00:30]} 30. Bd5 {[%emt 0:02:30]} Be6 {[%emt 0:04:30]} 31. Bxe6 {[%emt 0:04:30]} Qxe6 {[%emt 0:00:30]} 32. Kg2 {[%emt 0:00:30]} g6 {[%emt 0:00:30]} 33. Qd8+ {[%emt 0:01:30]} Kg7 {[%emt 0:00:30]} 34. Qd3 {[%emt 0:00:00]} Qf6 {[%emt 0:02:46]} 35. Qd5 {[%emt 0:01:17]} Qe6 {[%emt 0:01:03]} 36. Qd3 {[%emt 0:00:29]} Qe5 {[%emt 0:00:26]} 37. e4 {[%emt 0:02:42]} Qd4 {[%emt 0:00:48]} 38. Qc2 {[%emt 0:00:30]} Kf6 {[%emt 0:00:54]} 39. Kf3 {[%emt 0:01:51]} Ke5 {[%emt 0:01:21]} 0-1

[Event "ESTCC 65 2019"]
[Site "Mali Losinj"]
[Date "2019.09.22"]
[Round "5.18"]
[White "Woeber, Friedrich"]
[Black "Nielsen, Jorgen Lovgren"]
[Result "1/2-1/2"]
[WhiteElo "2126"]
[BlackElo "2052"]
[Annotator "NA"]
[PlyCount "128"]
[EventDate "2019.09.18"]
[EventType "team-tourn"]
[EventCountry "CRO"]
[SourceTitle "playchess.com"]
[Source "ChessBase"]
[SourceQuality "1"]
[WhiteTeam "Austria"]
[BlackTeam "Denmark"]
[WhiteTeamCountry "AUT"]
[BlackTeamCountry "DEN"]
[TimeControl "40/5400+30:1800+30"]

1. d4 {[%emt 0:00:30]} f5 {[%emt 0:00:30]} 2. Nf3 {[%emt 0:00:30]} Nf6 {[%emt 0:00:30]} 3. c4 {[%emt 0:03:30]} g6 {[%emt 0:00:30]} 4. Nc3 {[%emt 0:00:30]} d6 {[%emt 0:02:30]} 5. g3 {[%emt 0:02:30]} Bg7 {[%emt 0:00:30]} 6. Bg2 {[%emt 0:00:30]} O-O {[%emt 0:00:30]} 7. O-O {[%emt 0:00:30]} c6 {[%emt 0:01:30]} 8. d5 {[%emt 0:02:30]} Qc7 {[%emt 0:00:30]} 9. Re1 {[%emt 0:05:30]} Na6 {[%emt 0:08:30]} 10. Nd4 {[%emt 0:06:30]} Bd7 {[%emt 0:01:30]} 11. Nb3 {[%emt 0:05:30]} Rad8 {[%emt 0:03:30]} 12. e4 {[%emt 0:02:30]} Nxe4 {[%emt 0:10:30]} 13. Nxe4 {[%emt 0:02:30]} fxe4 {[%emt 0:00:30]} 14. Bxe4 {[%emt 0:00:30]} c5 {[%emt 0:05:30]} 15. Qe2 {[%emt 0:06:30]} Rde8 {[%emt 0:03:30]} 16. Bf4 {[%emt 0:06:30]} Kh8 {[%emt 0:02:30]} 17. Rad1 {[%emt 0:03:30]} e5 {[%emt 0:01:30]} 18. dxe6 {[%emt 0:00:30]} Rxe6 {[%emt 0:00:30]} 19. Qd2 {[%emt 0:04:30]} Rff6 {[%emt 0:03:30]} 20. Bd5 {[%emt 0:02:30]} Rxe1+ {[%emt 0:03:30]} 21. Rxe1 {[%emt 0:02:30]} Nb4 {[%emt 0:01:30]} 22. Bg2 {[%emt 0:02:30]} b6 {[%emt 0:09:30]} 23. Rd1 {[%emt 0:04:30]} Bg4 {[%emt 0:06:30]} 24. f3 {[%emt 0:07:30]} Be6 {[%emt 0:02:30]} 25. Bxd6 {[%emt 0:02:30]} Qd7 {[%emt 0:03:30]} 26. Be5 {[%emt 0:02:30]} Qxd2 {[%emt 0:00:30]} 27. Nxd2 {[%emt 0:01:30]} Rf7 {[%emt 0:01:30]} 28. Bxg7+ {[%emt 0:01:30]} Kxg7 {[%emt 0:00:00]} 29. Ne4 {[%emt 0:01:30]} Bxc4 {[%emt 0:07:00]} 30. Nd6 {[%emt 0:00:30]} Be2 {[%emt 0:00:30]} 31. Re1 {[%emt 0:06:07]} Re7 {[%emt 0:07:00]} 32. Bf1 {[%emt 0:00:30]} Re6 {[%emt 0:01:05]} 33. Rxe2 {[%emt 0:00:46]} Rxd6 {[%emt 0:00:23]} 34. Re7+ {[%emt 0:01:31]} Kf6 {[%emt 0:01:05]} 35. Rxa7 {[%emt 0:00:25]} Rd2 {[%emt 0:00:35]} 36. Bc4 {[%emt 0:03:58]} Rxb2 {[%emt 0:01:38]} 37. a3 {[%emt 0:02:23]} Nc6 {[%emt 0:03:03]} 38. Rxh7 {[%emt 0:01:29]} Ne5 {[%emt 0:02:04]} 39. Bd5 {[%emt 0:00:15]} Rd2 {[%emt 0:00:53]} 40. Be4 {[%emt 0:00:40]} Nf7 {[%emt 0:00:37]} 41. h4 {[%emt 0:31:09]} c4 {[%emt 0:32:24]} 42. g4 {[%emt 0:03:36]} g5 {[%emt 0:04:28]} 43. hxg5+ {[%emt 0:00:00]} Nxg5 {[%emt 0:00:00]} 44. Rc7 {[%emt 0:00:00]} Nxe4 {[%emt 0:00:00]} 45. fxe4 {[%emt 0:00:00]} Rd4 {[%emt 0:00:00]} 46. Rc6+ {[%emt 0:00:00]} Ke5 {[%emt 0:00:00]} 47. Kf2 {[%emt 0:00:00]} Rxe4 {[%emt 0:00:00]} 48. Kf3 {[%emt 0:00:00]} Rf4+ {[%emt 0:00:00]} 49. Ke3 {[%emt 0:00:00]} Rxg4 {[%emt 0:00:00]} 50. Rxb6 {[%emt 0:00:00]} Rg3+ {[%emt 0:00:00]} 51. Kd2 {[%emt 0:00:00]} Rxa3 {[%emt 0:00:00]} 52. Kc2 {[%emt 0:00:00]} Kd4 {[%emt 0:00:00]} 53. Rh6 {[%emt 0:00:00]} Ra2+ {[%emt 0:00:00]} 54. Kc1 {[%emt 0:00:00]} Rg2 {[%emt 0:00:00]} 55. Rh3 {[%emt 0:00:00]} Kc5 {[%emt 0:00:00]} 56. Rf3 {[%emt 0:00:00]} Kb4 {[%emt 0:00:00]} 57. Rh3 {[%emt 0:00:00]} c3 {[%emt 0:00:00]} 58. Rh8 {[%emt 0:00:00]} Rg5 {[%emt 0:00:00]} 59. Rb8+ {[%emt 0:00:00]} Rb5 {[%emt 0:00:00]} 60. Rxb5+ {[%emt 0:00:00]} Kxb5 {[%emt 0:00:00]} 61. Kc2 {[%emt 0:00:00]} Kc4 {[%emt 0:00:00]} 62. Kc1 {[%emt 0:00:00]} Kb3 {[%emt 0:00:00]} 63. Kb1 {[%emt 0:00:00]} c2+ {[%emt 0:00:00]} 64. Kc1 {[%emt 0:00:00]} Kc3 {[%emt 0:00:00]} 1/2-1/2

[Event "ESTCC 65 2019"]
[Site "Mali Losinj"]
[Date "2019.09.22"]
[Round "5.19"]
[White "Nielsen, Preben Lovgren"]
[Black "Titz, Heimo"]
[Result "1-0"]
[WhiteElo "2007"]
[BlackElo "1971"]
[Annotator "NA"]
[PlyCount "115"]
[EventDate "2019.09.18"]
[EventType "team-tourn"]
[EventCountry "CRO"]
[SourceTitle "playchess.com"]
[Source "ChessBase"]
[SourceQuality "1"]
[WhiteTeam "Denmark"]
[BlackTeam "Austria"]
[WhiteTeamCountry "DEN"]
[BlackTeamCountry "AUT"]
[TimeControl "40/5400+30:1800+30"]

1. e4 {[%emt 0:02:30]} c5 {[%emt 0:00:30]} 2. Nf3 {[%emt 0:00:00]} e6 {[%emt 0:00:00]} 3. d4 {[%emt 0:00:00]} cxd4 {[%emt 0:01:00]} 4. Nxd4 {[%emt 0:00:30]} Nc6 {[%emt 0:00:30]} 5. Nc3 {[%emt 0:00:30]} Qc7 {[%emt 0:00:00]} 6. Be2 {[%emt 0:00:30]} Nf6 {[%emt 0:00:00]} 7. O-O {[%emt 0:00:30]} a6 {[%emt 0:00:30]} 8. a3 {[%emt 0:01:30]} b5 {[%emt 0:03:30]} 9. Nxc6 {[%emt 0:03:30]} dxc6 {[%emt 0:00:30]} 10. f4 {[%emt 0:01:30]} Be7 {[%emt 0:23:30]} 11. e5 {[%emt 0:05:30]} Nd5 {[%emt 0:03:30]} 12. Ne4 {[%emt 0:00:30]} O-O {[%emt 0:01:30]} 13. Qd3 {[%emt 0:07:30]} Rd8 {[%emt 0:13:30]} 14. Qh3 {[%emt 0:01:30]} c5 {[%emt 0:03:30]} 15. Bd3 {[%emt 0:06:30]} g6 {[%emt 0:02:30]} 16. Nf2 {[%emt 0:05:30]} Bb7 {[%emt 0:05:30]} 17. Ng4 {[%emt 0:06:30]} h5 {[%emt 0:03:30]} 18. Nh6+ {[%emt 0:06:30]} Kg7 {[%emt 0:00:30]} 19. f5 {[%emt 0:00:30]} Qxe5 {[%emt 0:06:30]} 20. fxg6 {[%emt 0:02:30]} f5 {[%emt 0:00:30]} 21. Nf7 {[%emt 0:05:30]} Qd4+ {[%emt 0:01:30]} 22. Kh1 {[%emt 0:00:30]} Qg4 {[%emt 0:00:30]} 23. Bh6+ {[%emt 0:03:30]} Kf6 {[%emt 0:02:30]} 24. Bg5+ {[%emt 0:06:30]} Kg7 {[%emt 0:00:30]} 25. Qxg4 {[%emt 0:00:30]} hxg4 {[%emt 0:00:30]} 26. Nxd8 {[%emt 0:00:30]} Rxd8 {[%emt 0:00:30]} 27. Bxe7 {[%emt 0:00:30]} Nxe7 {[%emt 0:00:00]} 28. Rfd1 {[%emt 0:02:30]} Nd5 {[%emt 0:05:00]} 29. Bf1 {[%emt 0:02:30]} Kxg6 {[%emt 0:00:30]} 30. b3 {[%emt 0:02:30]} Re8 {[%emt 0:08:10]} 31. c4 {[%emt 0:01:30]} bxc4 {[%emt 0:02:25]} 32. bxc4 {[%emt 0:00:00]} Nf4 {[%emt 0:03:45]} 33. Rab1 {[%emt 0:02:00]} Re7 {[%emt 0:03:02]} 34. Rb6 {[%emt 0:00:30]} Kf6 {[%emt 0:00:44]} 35. Rbd6 {[%emt 0:00:30]} Nh3 {[%emt 0:02:32]} 36. R1d2 {[%emt 0:03:30]} Ng5 {[%emt 0:01:01]} 37. Rd7 {[%emt 0:00:30]} Ne4 {[%emt 0:00:26]} 38. Rxe7 {[%emt 0:01:30]} Kxe7 {[%emt 0:00:01]} 39. Rb2 {[%emt 0:00:30]} Nd6 {[%emt 0:00:20]} 40. Kg1 {[%emt 0:01:31]} e5 {[%emt 0:00:33]} 41. Bd3 {[%emt 0:32:44]} e4 {[%emt 0:31:26]} 42. Be2 {[%emt 0:00:38]} Ke6 {[%emt 0:01:12]} 43. Kf2 {[%emt 0:02:27]} Ke5 {[%emt 0:00:37]} 44. g3 {[%emt 0:01:57]} Kd4 {[%emt 0:02:08]} 45. Rd2+ {[%emt 0:01:54]} Ke5 {[%emt 0:00:10]} 46. Ke3 {[%emt 0:00:00]} Bc6 {[%emt 0:00:00]} 47. Rb2 {[%emt 0:00:00]} a5 {[%emt 0:00:00]} 48. Rb8 {[%emt 0:00:00]} Bd7 {[%emt 0:00:00]} 49. Ra8 {[%emt 0:00:00]} a4 {[%emt 0:00:00]} 50. Ra7 {[%emt 0:00:00]} Be8 {[%emt 0:00:00]} 51. Rc7 {[%emt 0:00:00]} f4+ {[%emt 0:00:00]} 52. gxf4+ {[%emt 0:00:00]} Ke6 {[%emt 0:00:00]} 53. Bxg4+ {[%emt 0:00:00]} Kf6 {[%emt 0:00:00]} 54. Rxc5 {[%emt 0:00:00]} Bg6 {[%emt 0:00:00]} 55. Rc6 {[%emt 0:00:00]} Ke7 {[%emt 0:00:00]} 56. c5 {[%emt 0:00:00]} Nc4+ {[%emt 0:00:00]} 57. Kd4 {[%emt 0:00:00]} Na5 {[%emt 0:00:00]} 58. Rxg6 {[%emt 0:00:00]} 1-0

[Event "ESTCC 65 2019"]
[Site "Mali Losinj"]
[Date "2019.09.22"]
[Round "5.20"]
[White "Strobel, Ferdinand"]
[Black "Fabrin, Morten"]
[Result "1/2-1/2"]
[WhiteElo "1956"]
[BlackElo "1998"]
[Annotator "NA"]
[PlyCount "90"]
[EventDate "2019.09.18"]
[EventType "team-tourn"]
[EventCountry "CRO"]
[SourceTitle "playchess.com"]
[Source "ChessBase"]
[SourceQuality "1"]
[WhiteTeam "Austria"]
[BlackTeam "Denmark"]
[WhiteTeamCountry "AUT"]
[BlackTeamCountry "DEN"]
[TimeControl "40/5400+30:1800+30"]

1. f4 {[%emt 0:00:30]} Nf6 {[%emt 0:00:30]} 2. Nf3 {[%emt 0:00:00]} d5 {[%emt 0:00:00]} 3. g3 {[%emt 0:00:00]} c5 {[%emt 0:00:00]} 4. d3 {[%emt 0:00:30]} g6 {[%emt 0:00:30]} 5. Bg2 {[%emt 0:00:30]} Bg7 {[%emt 0:01:30]} 6. O-O {[%emt 0:00:30]} O-O {[%emt 0:00:30]} 7. c3 {[%emt 0:00:30]} Nc6 {[%emt 0:01:30]} 8. h3 {[%emt 0:04:30]} d4 {[%emt 0:02:30]} 9. e4 {[%emt 0:02:30]} dxe3 {[%emt 0:01:30]} 10. Bxe3 {[%emt 0:00:30]} Qd6 {[%emt 0:01:30]} 11. Na3 {[%emt 0:06:30]} Bf5 {[%emt 0:04:30]} 12. d4 {[%emt 0:03:30]} cxd4 {[%emt 0:05:30]} 13. Nxd4 {[%emt 0:01:30]} Be4 {[%emt 0:02:30]} 14. Qe2 {[%emt 0:16:30]} Bxg2 {[%emt 0:03:30]} 15. Kxg2 {[%emt 0:06:30]} Nd5 {[%emt 0:02:30]} 16. Nf3 {[%emt 0:04:30]} Rad8 {[%emt 0:03:30]} 17. Bf2 {[%emt 0:11:30]} Nxc3 {[%emt 0:04:30]} 18. Qc2 {[%emt 0:01:30]} Nd5 {[%emt 0:03:30]} 19. Rad1 {[%emt 0:03:30]} Qb4 {[%emt 0:04:30]} 20. Nc4 {[%emt 0:06:30]} Rfe8 {[%emt 0:04:30]} 21. Rd3 {[%emt 0:09:42]} e6 {[%emt 0:02:30]} 22. Rfd1 {[%emt 0:03:20]} Na5 {[%emt 0:01:30]} 23. Nxa5 {[%emt 0:04:02]} Qxa5 {[%emt 0:00:30]} 24. Ra3 {[%emt 0:00:19]} Qb5 {[%emt 0:08:30]} 25. Rxa7 {[%emt 0:02:22]} Rc8 {[%emt 0:02:30]} 26. Qd3 {[%emt 0:03:10]} Qc6 {[%emt 0:01:30]} 27. Qb3 {[%emt 0:00:47]} b6 {[%emt 0:01:30]} 28. Rd2 {[%emt 0:01:22]} b5 {[%emt 0:02:30]} 29. a3 {[%emt 0:01:13]} Red8 {[%emt 0:02:30]} 30. Re2 {[%emt 0:01:14]} Nb6 {[%emt 0:01:30]} 31. Ra5 {[%emt 0:03:07]} Rd5 {[%emt 0:01:30]} 32. Ra6 {[%emt 0:00:39]} Qc4 {[%emt 0:00:30]} 33. Qxc4 {[%emt 0:00:26]} Nxc4 {[%emt 0:00:30]} 34. b3 {[%emt 0:00:35]} Nd6 {[%emt 0:00:30]} 35. Ne5 {[%emt 0:01:29]} Bxe5 {[%emt 0:02:30]} 36. fxe5 {[%emt 0:00:06]} Nf5 {[%emt 0:00:30]} 37. g4 {[%emt 0:00:35]} Nd4 {[%emt 0:00:30]} 38. Bxd4 {[%emt 0:00:44]} Rxd4 {[%emt 0:00:30]} 39. Re3 {[%emt 0:00:31]} Rc5 {[%emt 0:00:30]} 40. b4 {[%emt 0:01:09]} Rc2+ {[%emt 0:01:30]} 41. Kf3 {[%emt 0:30:24]} Rh2 {[%emt 0:30:30]} 42. Kg3 {[%emt 0:00:20]} Rdd2 {[%emt 0:00:00]} 43. Kf4 {[%emt 0:00:00]} Rd4+ {[%emt 0:00:00]} 44. Kg3 {[%emt 0:00:00]} Rhd2 {[%emt 0:00:00]} 45. Rc6 {[%emt 0:00:00]} Rd5 {[%emt 0:00:00]} 1/2-1/2

[Event "ESTCC 65 2019"]
[Site "Mali Losinj"]
[Date "2019.09.22"]
[Round "5.21"]
[White "Carlsten, Peter"]
[Black "Lohan, Martin"]
[Result "1/2-1/2"]
[WhiteElo "1986"]
[BlackElo "1796"]
[Annotator "NA"]
[PlyCount "64"]
[EventDate "2019.09.18"]
[EventType "team-tourn"]
[EventCountry "CRO"]
[SourceTitle "playchess.com"]
[Source "ChessBase"]
[SourceQuality "1"]
[WhiteTeam "Sweden"]
[BlackTeam "Ireland"]
[WhiteTeamCountry "SWE"]
[BlackTeamCountry "IRL"]
[TimeControl "40/5400+30:1800+30"]

1. e4 {[%emt 0:00:30]} e6 {[%emt 0:00:30]} 2. d4 {[%emt 0:00:00]} d5 {[%emt 0:00:00]} 3. Nd2 {[%emt 0:00:00]} Nf6 {[%emt 0:01:00]} 4. e5 {[%emt 0:00:30]} Nfd7 {[%emt 0:00:00]} 5. c3 {[%emt 0:00:00]} c5 {[%emt 0:00:00]} 6. f4 {[%emt 0:00:00]} Nc6 {[%emt 0:00:30]} 7. Ndf3 {[%emt 0:00:30]} Rb8 {[%emt 0:04:30]} 8. Bd3 {[%emt 0:02:30]} b5 {[%emt 0:02:30]} 9. Ne2 {[%emt 0:01:30]} Qb6 {[%emt 0:01:30]} 10. O-O {[%emt 0:01:30]} b4 {[%emt 0:01:30]} 11. Kh1 {[%emt 0:02:30]} Ba6 {[%emt 0:01:30]} 12. f5 {[%emt 0:03:30]} cxd4 {[%emt 0:03:30]} 13. cxd4 {[%emt 0:01:30]} Bxd3 {[%emt 0:01:30]} 14. Qxd3 {[%emt 0:00:30]} Qb5 {[%emt 0:07:30]} 15. Qxb5 {[%emt 0:36:30]} Rxb5 {[%emt 0:00:00]} 16. fxe6 {[%emt 0:00:00]} fxe6 {[%emt 0:00:00]} 17. Ng5 {[%emt 0:01:00]} Nd8 {[%emt 0:01:30]} 18. Nf4 {[%emt 0:00:30]} Ke7 {[%emt 0:03:30]} 19. Be3 {[%emt 0:01:30]} g6 {[%emt 0:15:30]} 20. Rac1 {[%emt 0:04:30]} Bh6 {[%emt 0:02:30]} 21. Nd3 {[%emt 0:05:30]} Bg7 {[%emt 0:06:30]} 22. Rc7 {[%emt 0:02:30]} h6 {[%emt 0:08:30]} 23. Nc5 {[%emt 0:01:30]} Rxc5 {[%emt 0:00:30]} 24. dxc5 {[%emt 0:00:30]} Bxe5 {[%emt 0:01:30]} 25. Rc8 {[%emt 0:03:30]} hxg5 {[%emt 0:02:30]} 26. c6 {[%emt 0:13:38]} Rxh2+ {[%emt 0:29:20]} 27. Kg1 {[%emt 0:00:55]} Rh8 {[%emt 0:00:49]} 28. cxd7 {[%emt 0:06:48]} Kxd7 {[%emt 0:00:35]} 29. Ra8 {[%emt 0:00:51]} Bh2+ {[%emt 0:00:53]} 30. Kf2 {[%emt 0:00:15]} Rf8+ {[%emt 0:00:20]} 31. Ke2 {[%emt 0:00:04]} Rxf1 {[%emt 0:00:19]} 32. Kxf1 {[%emt 0:00:04]} Nc6 {[%emt 0:01:04]} 1/2-1/2